000 01055cam a2200361Ia 4500
020 _a0026350327 (v. 1)
020 _a9780026350327 (v. 1)
020 _a0026350424 (v. 2)
020 _a9780026350426 (v. 2)
020 _a0026350521 (v. 3)
020 _a9780026350525 (v. 3)
020 _a0026350629 (v. 4)
020 _a9780026350624 (v. 4)
020 _a0026350726 (v. 5)
020 _a9780026350723 (v. 5)
020 _a0026350920 (v. 6)
020 _a9780026350921 (v. 6)
020 _a0026351021 (v. 7)
020 _a9780026351027 (v. 7)
020 _a0026350815 (v. 8)
020 _a9780026350815 (v. 8)
040 _cNRC
082 _a807 GLE 1991 A094 Or.
245 0 0 _aMacmillan literature series.
250 _aSignature ed., Teacher's annotated ed.
260 _aMission Hills, Calif. :
_bGlencoe/McGraw-Hill,
_cc1991.
300 _a8 v. :
_bill. (some col), ;
_c28 cm.
500 _aVolume 8 is not teacher's ed.
500 _aIncludes indexes.
650 0 _aLiterature
650 0 _aLiterature
942 _cEK
999 _c13991
_d13991